[Event "Goodricke op 05th"]
[Site "Kolkata"]
[Date "1994.??.??"]
[Round "8"]
[White "Tiviakov, Sergei"]
[Black "Barua, Dibyendu"]
[Result "1-0"]
[WhiteElo "2630"]
[BlackElo "2510"]
[Annotator "Chekhov,V"]
[PlyCount "83"]
[EventDate "1994.02.??"]
[EventType "swiss"]
[EventRounds "11"]
[EventCountry "IND"]
[SourceTitle "CBM 040"]
[Source "ChessBase"]
[SourceDate "1994.06.01"]
[SourceVersion "1"]
[SourceVersionDate "1994.06.01"]
[SourceQuality "1"]

1. e4 e5 2. Nf3 Nf6 3. d4 Nxe4 4. Bd3 d5 5. Nxe5 Nd7 6. Qe2 Nxe5 7. Bxe4 dxe4
8. Qxe4 Be6 9. dxe5 $6 (9. Qxe5 Qd7 10. Be3 Bb4+ (10... O-O-O $6 11. Qa5 Qc6
12. Nc3 b6 13. Qa6+ $1 $16 {Hort,V-Short,N/BRD/1986/1:0 (55) Inf 42/385/}) 11.
c3 Bd6 12. Qa5 Qc6 13. f3 Bd5 14. Nd2 $14 {Martensen,M-Borik,O/Malta/1980/})
9... Bd5 10. Qg4 h5 11. Qh3 Be6 $5 $146 (11... Qe7 $5 12. f4 (12. O-O $5 Qxe5
13. Nc3 Be6 14. Qf3 c6 15. Bf4 Qf5 16. Ne4 Be7 $13) 12... Qe6 $1 13. Qxe6+ fxe6
14. O-O Bc5+ 15. Kh1 O-O-O $17) 12. Qe3 (12. Qf3 Bd5 13. Qh3 Be6 $10) 12... h4
$6 (12... Qd5 $5 13. O-O Bc5 14. Qg5 (14. Qe2 Bd4 15. Re1 h4 $36) 14... Bd4 $1
15. Re1 Rh6 $36) 13. Nc3 h3 14. g3 Bb4 15. Bd2 Bxc3 16. Bxc3 Qd5 17. f3 O-O-O
18. Kf2 $14 (18. Qxa7 Qxf3 19. Qa8+ Kd7 20. Rd1+ $4 Qxd1+ 21. Kxd1 Rxa8 $19)
18... b6 19. Rhe1 Qc6 (19... Rd7 $5) 20. a3 Rd7 21. Rad1 Rhd8 22. Rxd7 Rxd7 23.
Qe4 $6 (23. g4 $5 {/\Kg3/}) 23... Qc5+ 24. Re3 Rd1 25. b4 Qb5 (25... Qc4 $5 26.
Qxc4 Bxc4 27. Re1 (27. Be1 Rc1 28. Rc3 Bb5 $15) 27... Rxe1 28. Bxe1 Kd7 29. g4
Ke6 30. Kg3 Bf1) 26. Be1 g6 27. g4 (27. Qa8+ Kd7 28. Qxa7 Qc6 29. Rc3 Bc4 {
/\Qd5 /}) 27... a6 28. Rc3 Rd5 29. Re3 Rd1 30. Re2 Bd5 31. Qf4 Kb7 (31... Be6
$5) 32. Re3 Be6 33. Kg3 $1 Qf1 34. Kh4 Qg2 (34... Rxe1 35. Qe4+ $18) 35. c4 Rd8
(35... Rc1 $5) 36. Kg5 Kb8 37. a4 $6 (37. c5 $5) 37... Qc2 $1 38. a5 Qxc4 39.
Re4 Qd5 (39... Qd3 $5) (39... Qb5 $5) 40. Bf2 Kb7 $4 (40... Qc6 $5) 41. Rd4 $18
f6+ 42. Qxf6 1-0

[Event "Interpolis-04"]
[Site "Tilburg"]
[Date "1980.09.21"]
[Round "3"]
[White "Karpov, Anatoly"]
[Black "Larsen, Bent"]
[Result "0-1"]
[WhiteElo "2725"]
[BlackElo "2590"]
[Annotator "ChessBase"]
[PlyCount "132"]
[EventDate "1980.09.19"]
[EventType "tourn"]
[EventRounds "11"]
[EventCountry "NED"]
[EventCategory "15"]
[SourceTitle "MainBase"]
[Source "ChessBase"]
[SourceDate "1999.07.01"]
[SourceVersion "2"]
[SourceVersionDate "1999.07.01"]
[SourceQuality "1"]

1. e4 e5 2. Nf3 Nf6 3. d4 Nxe4 4. Bd3 d5 5. Nxe5 Nd7 6. Qe2 Nxe5 7. Bxe4 dxe4
8. Qxe4 Be6 9. Qxe5 Qd7 10. O-O O-O-O 11. Be3 {11.c3} Bb4 (11... Bd6 12. Qa5
Bd5 13. f3 Qe6 14. Qd2) 12. Nc3 $6 (12. c3 Bd6 13. Qa5 Bd5 $5 $13) (12. a3 f6
13. Qg3 Bd6 $44) (12. a4 a6 {Raetsky, Chetverik}) 12... f6 13. Qg3 Bxc3 14.
bxc3 h5 15. h4 g5 16. f3 (16. hxg5 $2 h4 17. Qh2 h3 18. g3 Bd5 $17 {ףh2
Raetsky, Chetverik}) 16... Rdg8 17. Rf2 Qc6 18. Bd2 g4 19. f4 Bc4 $17 20. d5
Bxd5 21. f5 Re8 22. a3 Re4 23. Re1 Rhe8 24. Rxe4 Rxe4 25. Kh2 Qc5 26. Bf4 Re1
27. Bd2 Ra1 28. Qe3 Qd6+ 29. Rf4 b6 30. c4 Bxc4 31. Qd4 Qxd4 32. Rxd4 Bb5 33.
Bh6 Rxa3 34. Bg7 Bd7 35. Rf4 Ra5 36. Bxf6 Bxf5 37. c3 Be6 38. Kg3 Rd5 39. Re4
Kd7 40. Be5 Rd2 41. Kf4 Rxg2 42. Kg5 Rc2 43. Kxh5 g3 44. Bxg3 Rxc3 45. Be5 Rc4
46. Re3 Bd5 47. Ra3 Ke6 48. Bg3 Kf5 49. Kh6 a5 50. Kg7 Kg4 51. Kf6 a4 52. Re3
Bf3 53. Be1 Rc1 54. Re7 Kh3 55. Bd2 Rc4 56. Re3 Kg2 57. Be1 Rc1 58. Bd2 Rd1 59.
Bc3 c5 60. Re7 b5 61. Be5 a3 62. Rh7 b4 63. h5 b3 64. h6 b2 65. Rg7+ Kf2 66.
Bg3+ Ke3 0-1

[Event "EU-chT 08th Final"]
[Site "Plovdiv"]
[Date "1983.??.??"]
[Round "6.7"]
[White "Short, Nigel D"]
[Black "Jussupow, Artur"]
[Result "1/2-1/2"]
[WhiteElo "2510"]
[BlackElo "2565"]
[Annotator "ChessBase"]
[PlyCount "32"]
[EventDate "1983.06.23"]
[EventType "team-tourn"]
[EventRounds "7"]
[EventCountry "BUL"]
[SourceTitle "EU-chT"]
[Source "ChessBase"]
[SourceDate "1999.07.01"]
[SourceVersion "2"]
[SourceVersionDate "1999.07.01"]
[SourceQuality "1"]
[WhiteTeam "England"]
[BlackTeam "Soviet Union"]
[WhiteTeamCountry "ENG"]
[BlackTeamCountry "URS"]

1. e4 e5 2. Nf3 Nf6 3. d4 Nxe4 4. Bd3 d5 5. Nxe5 Bd6 6. Nc3 Nxc3 7. bxc3 O-O 8.
O-O Nd7 9. Nxd7 Qxd7 $5 10. Qh5 g6 11. Qf3 Re8 12. Bh6 Bf8 (12... Qg4 $2 13.
Rae1 $1 (13. Qxg4 Bxg4 14. Rab1 Rab8 15. Rfe1 Rxe1+ 16. Rxe1 Bd7 $10) (13. Qf6
$2 Bxh2+ 14. Kh1 Be5 15. dxe5 Qh5+) 13... Bd7 14. Qf6 Bxh2+ $2 15. Kh1 Be5 16.
Rxe5 $18) (12... Qc6 13. h4 $140 Qxc3 14. Qf6 Bf8 15. Bxf8 Rxf8 16. h5 Qc6) 13.
Bxf8 Rxf8 14. Rfe1 (14. Rae1 Qc6 15. h4 Qxc3 16. Qxd5 (16. Qf4 $44 Bd7 17. h5
Rae8 18. h6 c5 19. Rxe8 Rxe8 20. dxc5 Qxc5 21. Qf6 Qf8 $15) 16... Be6 17. Rxe6
Rad8 18. Qe5 fxe6 19. Qxe6+ $10) 14... Qc6 $1 15. h4 Qxc3 16. Qxd5 Be6 1/2-1/2

[Event "Dresden zt 1.2"]
[Site "Dresden"]
[Date "1998.04.30"]
[Round "3"]
[White "Smirin, Ilia"]
[Black "Jussupow, Artur"]
[Result "1/2-1/2"]
[WhiteElo "2590"]
[BlackElo "2630"]
[Annotator "ChessBase"]
[PlyCount "29"]
[EventDate "1998.04.28"]
[EventType "swiss"]
[EventRounds "11"]
[EventCountry "GER"]
[SourceTitle "CBM 065"]
[Source "ChessBase"]
[SourceDate "1998.08.06"]
[SourceVersion "1"]
[SourceVersionDate "1998.08.06"]
[SourceQuality "1"]

1. e4 e5 2. Nf3 Nf6 3. d4 Nxe4 4. Bd3 d5 5. Nxe5 Nd7 6. Nxd7 Bxd7 7. O-O Bd6 8.
c4 c6 9. cxd5 cxd5 10. Qh5 O-O 11. Qxd5 Bc6 12. Qh5 g6 13. Qh3 Bb4 (13... Ng5
14. Bxg5 Qxg5 15. Nc3 Rfe8 16. d5 Bxd5 17. f4 Qd8 18. Nxd5 Bc5+ 19. Kh1 Qxd5
20. Rac1 {1-0 Shirov,A-Kramnik,V/WCC cand 1998/CBM 65 (62)}) 14. Nc3 (14. Be3
$142 $5 {King}) 14... Bxc3 15. Bxe4 1/2-1/2

[Event "Interzonal-10a"]
[Site "Biel"]
[Date "1976.07.25"]
[Round "11"]
[White "Geller, Efim P"]
[Black "Smyslov, Vassily V"]
[Result "1/2-1/2"]
[WhiteElo "2620"]
[BlackElo "2580"]
[Annotator "ChessBase"]
[PlyCount "92"]
[EventDate "1976.07.11"]
[EventType "tourn"]
[EventRounds "19"]
[EventCountry "SUI"]
[EventCategory "12"]
[SourceTitle "IZT"]
[Source "ChessBase"]
[SourceDate "1999.07.01"]
[SourceVersion "1"]
[SourceVersionDate "1999.07.01"]
[SourceQuality "1"]

1. e4 e5 2. Nf3 Nf6 3. d4 exd4 4. e5 Ne4 5. Qxd4 d5 6. exd6 Nxd6 7. Nc3 Nc6 8.
Qf4 g6 9. Bd3 Bg7 10. O-O O-O 11. Be3 (11. Bd2 Be6 {->7.Nc3 g6 8.Bd2 Be6})
11... Re8 $1 (11... Qf6 $2 12. Nd5 $16 {Olafsson,F-Lopez Garcia/Berg en Dal zt/
1960/}) 12. Rad1 Ne5 13. Bb5 Bd7 14. Bd4 Nxf3+ 15. Qxf3 Bxd4 16. Bxd7 Qxd7 17.
Rxd4 Qf5 18. Qxf5 Nxf5 19. Rd7 Re7 20. Rxe7 Nxe7 21. Rd1 Kf8 22. Rd7 Rc8 23.
Ne4 h6 24. h4 Ng8 $1 $10 25. h5 gxh5 26. f3 Ke8 27. Rd5 Rd8 28. Rxh5 Rd1+ 29.
Kf2 b6 30. Re5+ Kd7 31. Nc3 Rc1 32. Rd5+ Kc6 33. Rd2 Ne7 34. a4 Nf5 35. b3 h5
36. Nd5 h4 37. Nb4+ Kb7 38. Nd3 Rh1 39. Nf4 Ng3 40. Nh3 Rc1 41. Ng5 f5 42. Nh3
c5 43. Nf4 Ka6 44. Nd3 Rb1 45. Ne1 Nh1+ 46. Ke2 Ng3+ 1/2-1/2

[Event "Hoogovens"]
[Site "Wijk aan Zee"]
[Date "1997.01.27"]
[Round "8"]
[White "Short, Nigel D"]
[Black "Timman, Jan H"]
[Result "1/2-1/2"]
[WhiteElo "2690"]
[BlackElo "2630"]
[Annotator "ChessBase"]
[PlyCount "53"]
[EventDate "1997.01.18"]
[EventType "tourn"]
[EventRounds "13"]
[EventCountry "NED"]
[EventCategory "16"]
[SourceTitle "CBM 057"]
[Source "ChessBase"]
[SourceDate "1997.04.01"]
[SourceVersion "1"]
[SourceVersionDate "1997.04.01"]
[SourceQuality "1"]

1. e4 e5 2. Nf3 Nf6 3. d4 Nxe4 4. Bd3 Nc6 5. d5 Nc5 6. dxc6 e4 7. cxb7 Bxb7 8.
Be2 exf3 9. Bxf3 Bxf3 10. Qxf3 Bd6 $5 (10... Be7 11. O-O O-O 12. Rd1 Bf6 13. c4
Be5 14. Nd2 Re8 15. Rb1 {1-0 Short,N-Timman,J/Koop Tjuchem Groningen 1996/CBM
57 (43)}) 11. Be3 O-O 12. Nd2 Ne6 13. Rd1 c6 14. O-O Bc7 15. Nb3 Be5 16. c3 d5
17. g3 a5 18. c4 Bxb2 19. cxd5 cxd5 20. Rxd5 Qc7 21. Rb1 Ba3 22. Nd4 Bb4 23.
Rc1 Nxd4 24. Rxd4 Qe5 25. Rcd1 Qe6 26. a4 Rac8 27. Qd5 1/2-1/2

[Event "Brussels OHRA-04"]
[Site "Brussels"]
[Date "1985.12.21"]
[Round "6"]
[White "Sax, Gyula"]
[Black "Nunn, John DM"]
[Result "1-0"]
[WhiteElo "2535"]
[BlackElo "2600"]
[Annotator "ChessBase"]
[PlyCount "27"]
[EventDate "1985.12.16"]
[EventType "tourn"]
[EventRounds "13"]
[EventCountry "BEL"]
[EventCategory "9"]
[SourceTitle "EXT 2001"]
[Source "ChessBase"]
[SourceDate "2000.11.22"]
[SourceVersion "1"]
[SourceVersionDate "2000.11.22"]
[SourceQuality "1"]

1. e4 e5 2. Nf3 Nf6 3. d4 Nxe4 4. Bd3 d5 5. Nxe5 Nd7 6. Nc3 Nxe5 7. dxe5 Bb4 8.
O-O Nxc3 9. bxc3 Bxc3 10. Rb1 Qe7 (10... O-O) 11. Rb3 {[#]} Bxe5 $2 (11... Bb4
12. Qf3 Be6 13. Qg3 O-O-O 14. Bg5 f6 15. exf6 gxf6 16. Bxf6 Qxf6 17. Rxb4 $11)
12. Re1 $16 O-O $2 (12... Kd8) 13. Qh5 $18 f5 14. Bf4 1-0

[Event "Goodricke op 07th"]
[Site "Kolkata"]
[Date "1996.??.??"]
[Round "10"]
[White "Dolmatov, Sergey"]
[Black "Howell, James C"]
[Result "1-0"]
[WhiteElo "2610"]
[BlackElo "2490"]
[Annotator "Dolmatov,S"]
[PlyCount "69"]
[EventDate "1996.02.??"]
[EventType "swiss"]
[EventRounds "11"]
[EventCountry "IND"]
[SourceTitle "CBM 050 Extra"]
[Source "ChessBase"]
[SourceDate "1996.03.01"]
[SourceVersion "1"]
[SourceVersionDate "1996.03.01"]
[SourceQuality "1"]

1. e4 e5 2. Nf3 Nf6 3. d4 Nxe4 4. Bd3 Nc6 5. d5 $5 Nc5 $6 (5... Nf6 $5 6. dxc6
e4 7. cxb7 Bxb7 8. Be2 exf3 9. Bxf3 Bxf3 10. Qxf3 d5 11. O-O Be7 12. Nc3 O-O
13. Bg5 c6 $14) 6. dxc6 e4 7. cxb7 Bxb7 8. Be2 exf3 9. Bxf3 Bxf3 (9... d5 10.
O-O Be7 11. Be3 (11. c4 $2 dxc4 12. Bxb7 Qxd1 13. Bc6+ Qd7 $10) 11... O-O 12.
c4 $16) 10. Qxf3 Qe7+ 11. Be3 Qe4 12. Nd2 Qxf3 13. Nxf3 Ne6 (13... d5 14. O-O-O
c6 15. Rhe1 Ne6 16. Ne5 $16) 14. O-O-O Bc5 15. Bxc5 Nxc5 16. Rhe1+ Ne6 17. Re3
(17. Ne5 $6 d6 18. Nc6 Kd7 $14) 17... d6 18. Rd5 (18. Ng5 $2 O-O $1 19. Nxe6
fxe6 20. Rxe6 Rxf2 $10) 18... Ke7 (18... Kd7 19. Ra3 Rhb8 20. Ne5+ $16) (18...
O-O $5 19. g3 (19. Nd4 Nf4) 19... Rfb8 20. Ra3) 19. Ra5 Rhb8 20. Nd4 Rb7 (20...
Rb6 21. f4 Kf6 (21... Kd7 22. Nxe6 fxe6 23. Rg5 Rg8 24. Rh3 $16) 22. Rf5+ Ke7
23. Rh5 $16) (20... Kd7 21. Nxe6 fxe6 22. Rg3 g6 23. Rh3 Rh8 24. Rha3 $16) 21.
Nxe6 fxe6 22. Rea3 e5 23. f3 $16 Ke6 24. R3a4 (24. b3 $2 e4 25. fxe4 Rf8 $132)
24... c5 25. b3 Rf7 (25... Rb4 $5 26. Rxb4 cxb4 27. Kd2 a6 28. a3 bxa3 29. Rxa3
d5 30. c3 Kd6 31. b4 $16) 26. Kd2 Rb7 27. Ra6 Kd5 28. Ke3 Rf7 29. R4a5 e4 $2 (
29... Rc7 30. Kd3 Ke6 31. a3 $5 (31. h4 g6 32. Ke4 h6 33. c4 g5 34. h5 g4 35.
f4 $5 exf4 36. Kxf4 Rf8+ 37. Kg3 Rff7 38. Rb5 $16) 31... g6 32. c3 c4+ (32...
Rac8 33. Kc2 Ra8 34. b4 cxb4 35. axb4 Rac8 36. Ra3 $16) 33. bxc4 Rac8 34. c5
Rxc5 35. Rxc5 Rxc5 36. Rxa7 $16) 30. f4 $1 $18 Raf8 31. c4+ Ke6 32. Rxc5 Rxf4
33. Rd5 Rf2 34. Rdxd6+ Ke7 35. c5 1-0

[Event "Gibraltar Masters 18th"]
[Site "Caleta"]
[Date "2020.01.21"]
[Round "1"]
[White "Paravyan, David"]
[Black "Beinoras, Mindaugas"]
[Result "1-0"]
[WhiteElo "2629"]
[BlackElo "2355"]
[Annotator "Edouard,R"]
[PlyCount "53"]
[EventDate "2020.01.21"]
[EventType "swiss"]
[EventRounds "10"]
[EventCountry "GGB"]
[SourceTitle "CBM 195 Extra"]
[Source "ChessBase"]
[SourceDate "2020.05.31"]
[SourceVersion "1"]
[SourceVersionDate "2020.05.31"]
[SourceQuality "1"]

1. e4 e5 2. Nf3 Nf6 3. d4 Nxe4 4. Bd3 d5 5. Nxe5 Nd7 6. Nc3 Nxe5 $5 (6... Nxc3
7. bxc3 Bd6 {is another line - perhaps more solid.}) 7. dxe5 Bb4 (7... Nxc3 {
is the other common move. Many games have been played, for example:} 8. bxc3
Bc5 (8... Be7 9. O-O O-O 10. f4 f5 11. Be3 c5 12. Be2 Be6 13. Bf3 Qd7 14. a4
$14 {1-0 (43) Carlsen,M (2876)-Shirov,A (2664) Douglas 2019}) (8... Qh4 {
looks risky:} 9. O-O Qg4 (9... c6 10. Be3 Be7 11. f4 g6 12. Qd2 Bf5 13. a4 Bxd3
14. cxd3 Qg4 15. f5 $1 $16 {1-0 (44) Rublevsky,S (2688)-Wang,Y (2716) Ningbo
2010}) 10. Qd2 c6 11. h3 Qh5 12. Qe3 b6 13. Qg3 Be6 14. Be3 g6 15. Bg5 Bh6 16.
Bf6 O-O 17. f4 $16 {1-0 (28) Arribas Lopez,A (2559)-Landa,K (2624) ESP 2015})
9. O-O (9. Qh5 g6 10. Qh6 Bf8 11. Qf4 Qe7 12. O-O Bg7 13. Qa4+ Bd7 14. Qb3
O-O-O 15. Rb1 Bc6 $13 {1/2-1/2 (37) Kanarek,M (2509)-Dragun,K (2621) Warsaw
POL 2017}) 9... O-O 10. Qh5 (10. Qf3 Be6 11. Be3 Qe7 12. Rae1 Rae8 13. Qg3 Bxe3
14. Rxe3 c5 15. f4 f5 $11 {1/2-1/2 (27) Volokitin,A (2633)-Nguyen,T (2548)
Bremen GER 2019}) 10... g6 11. Qh6 f5 (11... Qe7 12. Bf4 f5 13. Rab1 b6 14.
Rfe1 Be6 15. Bg5 Qf7 16. Qh4 $36 {0-1 (32) Gashimov,V (2730)-Kramnik,V (2759)
Baku 2009}) 12. h4 Re8 13. Bg5 Be7 14. Bxe7 Qxe7 15. Rfe1 Be6 16. Re3 Kh8 17.
Rg3 Rg8 18. Re1 Raf8 19. Qf4 c5 $132 {½-½ (58) Huschenbeth,N (2571)-Bogner,S
(2588) Le Castella 2018}) 8. O-O Nxc3 9. bxc3 Bxc3 10. Rb1 Qh4 $6 $146 ({
Suely Paravyan had prepared something special in the line} 10... O-O 11. Bxh7+
Kxh7 12. Qd3+ Kg8 13. Qxc3 b6 14. Qg3 Qd7 15. Rb4 (15. h3 Qf5 16. Bg5 Qg6 $11 {
1-0 (43) Jones,G (2679)-Li,D (2562) Gibraltar 2020}) 15... Qf5 16. Rh4 Re8 17.
f4 Re6 18. Qf3 Qe4 $11 {0-1 (28) Anand,V (2765)-Wang Hao (2726) Douglas 2019.})
11. Ba3 (11. Rb3 $5 {was the other natural move, but after} Ba5 $1 (11... Bxe5
12. g3 Qf6 13. Re1 Be6 (13... O-O $2 14. Qh5 $18) 14. Rxb7 $40) 12. Bb5+ (12.
Ba3 Bb6 $132) 12... c6 13. Qxd5 Qd8 $1 14. Qxd8+ Bxd8 {and Black is close to
equal.}) 11... Bg4 $2 ({Black should have given priority to exchanging the
dark-squared bishops:} 11... a5 $1 12. Qf3 c6 13. Bd6 Bb4 14. c4 dxc4 15. Be4
Ra6 $132) 12. Bb5+ c6 13. Qxd5 $1 Bd7 (13... cxb5 $6 14. Qxb7 Rd8 15. Qc6+ Bd7
16. Qxc3 $18) 14. Qb3 Bxe5 15. g3 Qf6 16. Rfe1 Kd8 (16... cxb5 17. Qc3 $1 $18)
17. Bf1 b6 18. Rbd1 Kc7 19. Rxe5 $5 (19. Re4 $5) 19... Qxe5 20. Qxf7 Qf5 21.
Qxg7 Rad8 (21... Qg4 22. Qe5+ Kb7 23. Rd4 Qf5 24. Qe7 Rad8 25. Bd3 Qe6 26. Bc4
$16) 22. Ba6 $1 Rde8 (22... Kb8 23. Be7 Rdg8 24. Rxd7 $1 Qxd7 25. Bd6+ Qxd6 26.
Qb7# {could have been a cute finish.}) 23. Qd4 c5 24. Qd6+ Kd8 25. Qb8+ Ke7 26.
Qd6+ Kd8 27. Bb5 1-0

[Event "Capablanca Memorial-A"]
[Site "Cuba"]
[Date "1993.??.??"]
[Round "7"]
[White "Hernandez Guerrero, Gilberto Eduardo"]
[Black "Howell, James C"]
[Result "1/2-1/2"]
[WhiteElo "2505"]
[BlackElo "2470"]
[Annotator "Ernst,T"]
[PlyCount "75"]
[EventDate "1993.??.??"]
[EventType "tourn"]
[EventRounds "13"]
[EventCountry "CUB"]
[EventCategory "10"]
[SourceTitle "CBM 036"]
[Source "ChessBase"]
[SourceDate "1993.10.01"]
[SourceVersion "1"]
[SourceVersionDate "1993.10.01"]
[SourceQuality "1"]

1. e4 e5 2. Nf3 Nf6 3. d4 Nxe4 4. Bd3 d5 5. Nxe5 Nd7 6. Nxd7 Bxd7 7. O-O Qh4 8.
c4 O-O-O 9. c5 g5 10. Nc3 Bg7 11. g3 Qh3 12. Nxe4 dxe4 13. Bxe4 Bb5 14. Bg2 Qf5
15. Be3 Bxf1 16. Bxf1 Rhe8 $1 {Howells improvement/Die Verbesserung von Howell/
} 17. Qa4 Kb8 18. Rd1 c6 19. Rd3 Qe4 20. Ra3 a6 21. Bd3 (21. Bxa6 Rxd4 22. Bxd4
Qxd4 $14) 21... Qd5 22. Bxa6 Bxd4 23. Bxb7 (23. Rb3 Re7 24. Bxd4 Qxd4 25. Qxc6
$2 Qd1+ 26. Kg2 Qxb3 $19) 23... Bxc5 (23... Kxb7 24. Qa7+ Kc8 25. Rb3 Qxb3 26.
axb3 Bxe3 27. fxe3 Rxe3 28. Qa6+ Kc7 29. Qb6+ Kd7 30. Qb7+ Ke8 31. Qxc6+ $18)
24. Bxc6 Qd1+ 25. Kg2 Qxa4 26. Rxa4 Rxe3 27. fxe3 Rd2+ 28. Kf3 Rxb2 29. h3 $16
f6 30. Be4 h5 31. Bg6 g4+ 32. hxg4 hxg4+ 33. Rxg4 Rxa2 34. Rc4 Ra5 35. g4 Kc7
36. Bf5 Kd8 37. Re4 Bd6 38. Rd4 1/2-1/2

[Event "Malmo"]
[Site "Malmo"]
[Date "1993.??.??"]
[Round "7"]
[White "Hellers, Ferdinand"]
[Black "Hector, Jonny"]
[Result "1/2-1/2"]
[WhiteElo "2565"]
[BlackElo "2470"]
[Annotator "Ernst,T"]
[PlyCount "91"]
[EventDate "1993.06.??"]
[EventType "tourn"]
[EventRounds "9"]
[EventCountry "SWE"]
[EventCategory "11"]
[SourceTitle "CBM 036"]
[Source "ChessBase"]
[SourceDate "1993.10.01"]
[SourceVersion "1"]
[SourceVersionDate "1993.10.01"]
[SourceQuality "1"]

1. e4 e5 2. Nf3 Nf6 3. d4 exd4 4. e5 Ne4 5. Qxd4 d5 6. exd6 Nxd6 7. Nc3 Nc6 8.
Qf4 Nf5 9. Bb5 Bd6 10. Qe4+ Qe7 (10... Nfe7 11. Bg5 h6 12. Bh4 Bf5 13. Qa4 O-O
14. O-O-O Qc8 15. Bg3 Rd8 16. Bxd6 Rxd6 $14 {Ulibin-Sorokin/URS-ch/1991/}) 11.
Bd2 $1 (11. O-O Qxe4 12. Nxe4 O-O $6 13. Nxd6 cxd6 14. Rd1 $14 {Mainka,
R-Panzer.P/Lippstadt/1992/}) (11. Bg5 $6 f6 12. Bd2 Bd7 13. O-O-O Qxe4 $1 14.
Nxe4 Be7 $10 {Kasparov-Karpov/Wch-10/1990/}) 11... Bd7 12. O-O-O Qxe4 13. Nxe4
Be7 (13... O-O-O 14. g4 Nfe7 15. Nxd6+ cxd6 16. Ng5 Bxg4 17. Nxf7 Bxd1 18. Rxd1
$16 {Schulze,Ha-Hacker,C/Dortmund op-A/1992/}) 14. Rhe1 O-O-O 15. Neg5 $6 (15.
Bc4 $14 {Azmajparasvili}) 15... Rdf8 16. Bc4 Nd6 17. Bd5 h6 18. Bxc6 Bxc6 19.
Rxe7 hxg5 20. Bxg5 Nf5 21. Re5 Bxf3 22. gxf3 g6 23. Red5 f6 24. Bf4 Rd8 25.
Rxd8+ Rxd8 26. Rxd8+ Kxd8 27. Be3 (27. Kd2 Nd4 $1 $10) 27... Nh4 28. f4 (28.
Bxa7 $2 b6 $17) 28... a6 $10 29. Kd2 Kd7 30. Ke2 Ke6 31. f3 Nf5 32. c4 Nd6 33.
Kd3 Nf5 34. a4 Nh4 35. Ke2 Ng2 36. Kf2 Nh4 37. b4 c6 38. a5 Kd6 39. Ke2 Ke6 40.
Bd2 Nf5 41. Kd3 Ng7 42. Ke4 f5+ 43. Kd4 Kd6 44. Bc3 Ne6+ 45. Ke3 Ke7 46. Be5
1/2-1/2

[Event "Capablanca Memorial-A"]
[Site "Cuba"]
[Date "1993.??.??"]
[Round "1"]
[White "Zarnicki, Pablo Adrian"]
[Black "Howell, James C"]
[Result "1-0"]
[WhiteElo "2470"]
[BlackElo "2470"]
[Annotator "Ernst,T"]
[PlyCount "77"]
[EventDate "1993.??.??"]
[EventType "tourn"]
[EventRounds "13"]
[EventCountry "CUB"]
[EventCategory "10"]
[SourceTitle "CBM 036"]
[Source "ChessBase"]
[SourceDate "1993.10.01"]
[SourceVersion "1"]
[SourceVersionDate "1993.10.01"]
[SourceQuality "1"]

1. e4 e5 2. Nf3 Nf6 3. d4 Nxe4 4. Bd3 d5 5. Nxe5 Nd7 6. Nxd7 Bxd7 7. O-O Qh4 (
7... Nf6 8. Bg5 Be7 9. c3 $14 {Geller-Smyslov/Moscow/1981/}) (7... Qf6 8. Bxe4
dxe4 9. Nc3 O-O-O 10. Nxe4 Qg6 11. f3 h5 12. Bf4 h4 13. Qd3 $16 {Ivanov,
A-Koitchev,A/1985/}) (7... Bd6 8. c4 c6 9. cxd5 cxd5 10. Nc3 $16 {Hellers,
F-Wolff,P/Baguio City/1987/}) 8. c4 O-O-O 9. c5 g5 (9... g6 10. Nc3 Bg7 11. g3
Qh3 $2 12. Nxd5 Bg4 13. Ne7+ $1 Kb8 14. Nc6+ Kc8 15. Nxa7+ Kb8 16. Nc6+ Kc8 17.
f3 $1 {Ivanchuk-Rozentalis/Debrecen/1992/} Nxg3 $1 18. fxg4 Bxd4+ 19. Nxd4 Rxd4
20. Rf4 Rhd8 21. Rxd4 Rxd4 22. Qe1 Rxd3 23. Bg5 Kd7 24. Qe7+ Kc6 25. Bf4 $18)
10. Nc3 Bg7 (10... Nf6 11. Ne2 Ng4 12. h3 Nh6 13. Bd2 Rg8 14. f3 f5 15. Qe1 Qh5
16. b4 Re8 17. Qf2 {Rodriguez-Arhipov/Beograd/1988/} f4 18. h4 $14) (10... f5
11. Nxd5 Nxf2 12. Rxf2 Qxd4 13. Bxg5 Bxc5 14. Ne3 $14 {Wedberg-Schneider/
Torshavn/1988/}) 11. g3 Qh3 (11... Qh6 12. Nxe4 dxe4 13. Bxe4 f5 14. Bg2 f4 15.
d5 Rhf8 $13 {Arencibia,W-Vladimirov,E/Leon/1991/}) 12. Nxe4 dxe4 13. Bxe4 Bb5
14. Bg2 $1 {An important novelty/Eine wichtige Neuerung/} (14. Bxg5 Rxd4 15.
Bg2 Qf5 16. Qb3 c6 17. Be3 Bxf1 18. Rxf1 {Geller,E-Howell,J/Reykjavik open/
1990/} Rhd8 $1 19. Qa3 Rd1 20. Qxa7 Rxf1+ 21. Bxf1 Rd1 22. Qa8+ Kc7 23. Bd2
Qxc5 24. Ba5+ b6 25. Qa7+ Kd6 26. Bxb6 Qb5 27. Qc7+ Ke6 28. Qc8+ Ke7 $10) 14...
Qf5 15. Be3 Bxf1 16. Bxf1 Kb8 17. Qa4 c6 18. Rd1 Rd7 19. Rd3 Rhd8 20. Ra3 a6
21. Rb3 $1 (21. Bxa6 $2 Rxd4 $1 22. Bxd4 Bxd4 $17) 21... Bxd4 (21... Rxd4 22.
Qxc6 $16) 22. Bxd4 Qe4 (22... Rxd4 23. Qxc6 R8d7 24. Bxa6 Rd1+ 25. Kg2 Qd5+ 26.
Qxd5 R1xd5 27. c6 $18) 23. Qxa6 Qxd4 24. Qb6 $1 (24. Qxc6 $6 Rc7 $13) 24... Re8
25. Ra3 Rd5 (25... Re1 $2 26. Qa7+ Kc8 27. Qa8+ Kc7 28. Qa5+ $18) 26. Qa7+ Kc7
(26... Kc8 27. Qa8+ Kd7 28. Qxb7+ $18) 27. Rb3 Rb8 28. Qb6+ Kd7 (28... Kc8 29.
Rd3 Qe5 (29... Qxd3 30. Bxd3 Rxd3 31. a4 Kd7 32. a5 Rd1+ 33. Kg2 Ra1 34. b4 $18
) (29... Qxc5 30. Bh3+ f5 31. Bxf5+ Rxf5 32. Rd8# $18) 30. Re3 Qc7 31. Re8+ Rd8
32. Bh3+ $18) 29. Rd3 Qe4 (29... Qxd3 30. Bxd3 Rxd3 31. a4 $18) 30. Re3 Qa4 (
30... Qb1 31. Qb4 (31. Qa7 $2 Rd1 32. Qxb8 Rxf1+ 33. Kg2 Rg1+ 34. Kf3 Qd1+ 35.
Re2 Qd5+ $17) 31... Rd1 32. Qc4 Rf8 33. Kg2 Kc8 34. Re7 $16) 31. b4 Rd1 (31...
Qxa2 32. b5 $40) 32. Kg2 Qxa2 33. Be2 Qb1 (33... Rd5 34. b5 $16) 34. b5 $1 (34.
Bxd1 Qxd1 35. b5 Qd5+ $14) 34... Rg1+ (34... h5 35. Bxd1 Qxd1 36. bxc6+ bxc6
37. Qxb8 Qd5+ 38. Kf1 Qd1+ 39. Re1 Qd3+ 40. Kg1 $18) 35. Kh3 h5 36. Rd3+ Ke6
37. Qc7 g4+ 38. Kh4 Rf8 39. Rd6+ 1-0